Valoración de utilización de la fibra de rastrojo de piña como materia prima para la elaboración de un material textil no-tejido.
Salvato in:
| Autore principale: | |
|---|---|
| Natura: | Libro |
| Lingua: | Spanish |
| Pubblicazione: |
San José, Costa Rica
2019
|
| Soggetti: | |
| Tags: |
Aggiungi Tag
Nessun Tag, puoi essere il primo ad aggiungerne!!
|
MARC
| LEADER | 00000nam a22000007a 4500 | ||
|---|---|---|---|
| 003 | 013132 | ||
| 005 | 20230508110637.0 | ||
| 008 | 190917b2019 c a ||| m||| 00| ||spa d | ||
| 040 | |c cru CEDI | ||
| 090 | |a TFG 8282 | ||
| 100 | |9 512 |a Zúñiga Arias, Débora, 1993- | ||
| 245 | |a Valoración de utilización de la fibra de rastrojo de piña como materia prima para la elaboración de un material textil no-tejido. | ||
| 260 | |a San José, Costa Rica |c 2019 | ||
| 500 | |a Proyecto de graduación(licenciatura en ingeniería química)--Universidad de Costa Rica. Facultad de Ingeniería. Escuela de Ingeniería Química | ||
| 650 | |x EXTRACCION (QUIMICA) |x PROPIEDADES FISICOQUIMICAS |x ESPECTROSCOPIA DE INFRARROJOS |x DIFRACCION DE RAYOS X |x COLORIMETRIA |x APROVECHAMIENTO DE RESIDUOS |x PIÑA - RESIDUOS LinkRESIDUOS DE COSECHAS | ||
| 942 | |c CEDI |h TFG 8282 |6 TFG_8282_000000000000000 | ||
| 999 | |c 21797 |d 21797 | ||
